Textbook on Law of Contract/ (Record no. 10679)
[ view plain ]
| 000 -LEADER | |
|---|---|
| fixed length control field | 03361 a2200385 4500 |
| 005 - DATE AND TIME OF LATEST TRANSACTION | |
| control field | 20090424113425.0 |
| 008 - FIXED-LENGTH DATA ELEMENTS--GENERAL INFORMATION | |
| fixed length control field | 090424t xxu||||| |||| 00| 0 eng d |
| 010 ## - LCCN (DPL NO) | |
| LC control number | ENG-89473 B-308546-553 |
| 020 ## - INTERNATIONAL STANDARD BOOK NUMBER | |
| International Standard Book Number | 8175346796 |
| Terms of availability | 295.00 |
| 035 ## - SYSTEM CONTROL NUMBER | |
| System control number | EN-73006 B-308546-553 |
| 035 ## - SYSTEM CONTROL NUMBER | |
| System control number | B-359157 |
| 037 ## - SOURCE OF ACQUISITION | |
| Source of stock number/acquisition | DBAD / PUB Universal Law Publishing |
| 037 ## - SOURCE OF ACQUISITION | |
| Source of stock number/acquisition | Pansy Books |
| 040 ## - CATALOGING SOURCE | |
| Original cataloging agency | dpl |
| Language of cataloging | English |
| 082 ## - DEWEY DECIMAL CLASSIFICATION NUMBER | |
| Classification number | 346.5402 |
| 100 ## - MAIN ENTRY--PERSONAL NAME | |
| Personal name | Meena, R.L. |
| 245 ## - TITLE STATEMENT | |
| Title | Textbook on Law of Contract/ |
| Statement of responsibility, etc | by R.L. Meena |
| 260 ## - PUBLICATION, DISTRIBUTION, ETC. (IMPRINT) | |
| Place of publication, distribution, etc | New Delhi |
| Name of publisher, distributor, etc | Universal Law Publishing |
| Date of publication, distribution, etc | 2008 |
| 270 ## - ADDRESS | |
| Address | C-FF-1A, Dilkhush Induatrial Estate, Opp. Hans Cinema, G. T. Karnal Raod, Azadpur |
| City | Delhi |
| Postal code | 110 033 |
| Telephone number | 011- 27438103, 011-27215334, 011-52381334 |
| Fax number | 011-27458529 |
| Electronic mail address | edit@unilawbooks.com |
| 300 ## - PHYSICAL DESCRIPTION | |
| Extent | Lxxxiv, 477p. |
| Other physical details | 22cm(pbk) |
| 500 ## - GENERAL NOTE | |
| General note | Includes index |
| 942 ## - ADDED ENTRY ELEMENTS (KOHA) | |
| Institution code [OBSOLETE] | dpl |
| Item type | English Books |
| Source of classification or shelving scheme | Dewey Decimal Classification |
| Classification part | 346.5402 |
| Call number suffix | MEE |
| Withdrawn status | Lost status | Source of classification or shelving scheme | Damaged status | Not for loan | Home library | Current library | Date acquired | Cost, normal purchase price | Total Checkouts | Barcode | Date last seen | Cost, replacement price | Koha item type | Collection code | Source of acquisition | Full call number | Copy number | Public note | Total Renewals |
|---|---|---|---|---|---|---|---|---|---|---|---|---|---|---|---|---|---|---|---|
| Dewey Decimal Classification | Bawana | Bawana | 24/04/2009 | 295.00 | B-308552 | 24/04/2009 | 295.00 | English Books | Non-fiction | Universal Law Publishing/27848/23.12.08/268/12.12.08/23.12.08 | 346.5402 MEE | 1 | |||||||
| Dewey Decimal Classification | Central Library | Central Library | 24/04/2009 | 295.00 | B-308546 | 24/04/2009 | 295.00 | English Books | Non-fiction | Universal Law Publishing/27848/23.12.08/268/12.12.08/23.12.08 | 346.5402 MEE | 1 | Legal Case (Register No. 27) | ||||||
| Dewey Decimal Classification | Andrews Gunj | D.B.Act.Division | 295.00 | EN-73006 | 15/09/2008 | 295.00 | English Books | ||||||||||||
| Lost and Paid For | Dewey Decimal Classification | Janak Puri | Janak Puri | 03/10/2009 | 295.00 | 9 | B-359157 | 09/01/2019 | 295.00 | English Books | Non-fiction | Pansy Books/942/29.9.09/92/4.9.09/29.9.09 | 346.5402 MEE | 1 | 1 | ||||
| Dewey Decimal Classification | Karol Bagh | Karol Bagh | 24/04/2009 | 295.00 | B-308550 | 24/04/2009 | 295.00 | English Books | Non-fiction | Universal Law Publishing/27848/23.12.08/268/12.12.08/23.12.08 | 346.5402 MEE | 1 | |||||||
| Dewey Decimal Classification | Narela | Narela | 24/04/2009 | 295.00 | B-308551 | 24/04/2009 | 295.00 | English Books | Non-fiction | Universal Law Publishing/27848/23.12.08/268/12.12.08/23.12.08 | 346.5402 MEE | 1 | |||||||
| Dewey Decimal Classification | Patel Nagar | Patel Nagar | 24/04/2009 | 295.00 | B-308547 | 24/04/2009 | 295.00 | English Books | Non-fiction | Universal Law Publishing/27848/23.12.08/268/12.12.08/23.12.08 | 346.5402 MEE | 1 | |||||||
| Dewey Decimal Classification | Peshwa Road | Peshwa Road | 24/04/2009 | 295.00 | B-308548 | 24/04/2009 | 295.00 | English Books | Non-fiction | Universal Law Publishing/27848/23.12.08/268/12.12.08/23.12.08 | 346.5402 MEE | 1 | |||||||
| Dewey Decimal Classification | Sarojini Nagar | Sarojini Nagar | 24/04/2009 | 295.00 | 36 | B-308549 | 23/09/2016 | 295.00 | English Books | Non-fiction | Universal Law Publishing/27848/23.12.08/268/12.12.08/23.12.08 | 346.5402 MEE | 1 | 8 | |||||
| Dewey Decimal Classification | Shahdara Branch | Shahdara Branch | 24/04/2009 | 295.00 | 9 | B-308553 | 04/06/2026 | 295.00 | English Books | Non-fiction | Universal Law Publishing/27848/23.12.08/268/12.12.08/23.12.08 | 346.5402 MEE | 1 | 3 |
